000 00380nam a22001217a 4500
008 230621b xxu||||| |||| 00| 0 eng d
082 _a328.3
_bCPA
100 _cCPA
245 _aReport of the Commonwealth Parliamentary Association
_b21st African Region Conference held in Gaborone Botswana, 7th-11th May, 1990
260 _aBotswana
_bCPA
_c1990
300 _a19p
942 _2ddc
_cBK
999 _c1951
_d1951